Statistics for Things That Happen In The U.S. That Confuse Other Nations

Click here to take the quiz!

General Stats

  • This quiz has been taken 89 times
    (88 since last reset)
  • The average score is 17 of 24

Answer Stats

Answer% Correct
Writing the date beginning with the {month}
96%
Putting a lot of {ice} in our cold beverages
95%
Hanging the American {flag} everywhere. Even wearing it on clothing
94%
Using the demonym {American} only to refer to people from the U.S.
91%
Eating {giant} portions
88%
Pharmacies sell junk {food} and many other things
86%
Parents throwing {baby} showers
83%
The high cost of {health} care
81%
{Tipping} waiters and waitresses and other service professionals
79%
College kids drinking alcohol from {red} colored, plastic cups
78%
Having so many prescription {drug} commercials/advertisements
78%
The constant TV show interruptions by {commercials}
78%
Drinking huge cups of {coffee} while walking around
72%
Using money that is all the same {color}
72%
Expecting free {refills} on restaurant sodas
69%
Most of the bread has a {sweet} taste
62%
Taking {leftover} {food} home from a restaurant
58%
Using the {imperial} system of measurement instead of the metric system
58%
Going into {debt} for a college degree
55%
Working constantly with relatively little {vacation} time
55%
Special menu items in restaurants for {children}
46%
Paying {sales} {tax} on pretty much everything we buy
45%
Telling military people "{Thank} {You} {For} {Your} {Service}"
45%
Using so much water in {toilet} bowl tanks
44%

Score Distribution

Percentile by Number Answered

Percent of People with Each Score

Your Score History

You have not taken this quiz since the last reset